000 00893cas a22003017a 4500
999 _c312286
_d312286
001 109529
003 UA-OsUOA
005 20200507101652.0
007 ta
008 201501c1993 un wr|n||00| 0 ukrcdukr |
040 _aUA-OsUOA
_bukr
_cUA-OsUOA
_dUA-OsUOA
041 _aukr
044 _aUA
080 _a050
090 _a050
_bС37
099 _a8902
110 _aЗасновник і видавець - ТОВ "Редакція газети "Сім днів"
245 _a7 днів
_cгол. ред. Герус В. Л.
_bрівненський тижневик
260 _aРівне
310 _aщотижня
650 7 _a050 Серіальні видання. Періодика
_2UDC
856 _uhttps://7d.rv.ua/
942 _cNP
_2udc
_s1
955 _a0
962 _d1993